00696nam a2200181 a 450000500170000000800410001704000230005804100080008104400070008908200180009610000280011424501770014226000370031930000580035650400390041465000250045365000360047820160116030003.0870827s1951 ck a r 00010 spa d ala cladCo-BoIAVH0 aspa ack04a581.986bP85d1 aPortilla y A., Alfonso.10aDivulgación de conocimientos científicos sobre las plantas más útiles y conocidas en Colombia, su valor alimenticio, medicinal e industrial /cAlfonso Portilla y A. aPasto : bEditorial Luz, c1951. a508 páginas : bilustraciones ; c25 centímetros, aIncluye bibliografía.e índice. aBotánica médica. 6aPlantas comestiblesz Colombia.